[Event "Lund Lask op"]
[Site "Lund"]
[Date "2016.11.22"]
[Round "6"]
[White "Olsson, Paul"]
[Black "Bruez, Cyriaque"]
[Result "0-1"]
[WhiteElo "2044"]
[BlackElo "1812"]
[PlyCount "148"]
[EventDate "2016.10.04"]
[EventType "swiss"]
[EventRounds "7"]
[EventCountry "SWE"]
[SourceTitle "EXT 2019"]
[Source "ChessBase"]
[SourceDate "2018.10.10"]
[SourceVersion "1"]
[SourceVersionDate "2018.10.10"]
[SourceQuality "1"]

1. e4 b6 2. d4 Bb7 3. Nc3 e6 4. Nf3 Nf6 5. Bd3 c5 6. 0-0 cxd4 7. Nxd4 Nc6 8. Nxc6 Bxc6 9. e5 Nd5 10. Nxd5 Bxd5 11. Qg4 Qc7 12. Re1 Bc5 13. Bd2 0-0-0 14. b4 h5 15. Qe2 Be7 16. c4 Bc6 17. Rab1 d6 18. Bc3 dxe5 19. Bxe5 Bd6 20. Bxd6 Rxd6 21. c5 bxc5 22. bxc5 Rd7 23. Ba6+ Kd8 24. Qb2 Ke7 25. Qxg7 Rhd8 26. Bc4 Bd5 27. Bb5 Bc6 28. Qg5+ Kf8 29. Bxc6 Qxc6 30. Qxh5 Rd5 31. Qh8+ Ke7 32. Qb2 Qxc5 33. Rbc1 Qd6 34. g3 Rd2 35. Rc2 Rd1 36. Rce2 Rxe1+ 37. Rxe1 Rb8 38. Qc2 Rb4 39. Rd1 Qb6 40. Rc1 a5 41. Qc7+ Qxc7 42. Rxc7+ Kf6 43. Rc2 a4 44. Kg2 Kf5 45. Kf3 Ke5 46. Ke3 f5 47. Rc5+ Kf6 48. Ra5 Kg5 49. f3 Kf6 50. h4 Kg6 51. Ra6 Kf6 52. g4 fxg4 53. fxg4 Rxg4 54. h5 Rh4 55. h6 Rh3+ 56. Kd4 Rxh6 57. Kc3 Rh4 58. Rd6 Kf5 59. Rd1 e5 60. Kd3 Rh2 61. Rf1+ Ke6 62. a3 Rh3+ 63. Ke4 Rxa3 64. Rh1 Kd6 65. Rd1+ Kc5 66. Rd5+ Kc4 67. Rxe5 Ra1 68. Ra5 Re1+ 69. Kf3 Kb3 70. Ra8 a3 71. Kf2 Rb1 72. Rb8+ Ka2 73. Ra8 Rb3 74. Ke2 Kb2 0-1

[Event "Besancon op"]
[Site "Besancon"]
[Date "2008.12.30"]
[Round "6"]
[White "Bruez, Cyriaque"]
[Black "Devaux, Caroline"]
[Result "1-0"]
[WhiteElo "1643"]
[BlackElo "1350"]
[PlyCount "91"]
[EventDate "2008.12.26"]
[EventType "swiss"]
[EventRounds "7"]
[EventCountry "FRA"]
[SourceTitle "CBM 128 Extra"]
[Source "ChessBase"]
[SourceDate "2009.03.05"]
[SourceVersion "2"]
[SourceVersionDate "2009.03.25"]
[SourceQuality "1"]

1. e4 e5 2. Nf3 Nc6 3. c3 Nf6 4. Qc2 Be7 5. d4 d6 6. d5 Nb8 7. Be3 0-0 8. Nbd2 c6 9. c4 cxd5 10. cxd5 b6 11. Bb5 a6 12. Bc6 Qc7 13. Rc1 Nxc6 14. Qxc6 Qxc6 15. Rxc6 b5 16. 0-0 Bg4 17. Rfc1 Bxf3 18. gxf3 h6 19. Nb3 Nd7 20. Na5 Nc5 21. Bxc5 dxc5 22. d6 Bh4 23. R1xc5 f5 24. d7 fxe4 25. Rc8 Ra7 26. Rxf8+ Kxf8 27. Rc8+ Kf7 28. d8Q Bxd8 29. Rxd8 exf3 30. Nc6 Rc7 31. Nxe5+ Ke7 32. Rd1 Rc2 33. Rb1 g5 34. Nxf3 g4 35. Ne5 h5 36. Ng6+ Kf6 37. Nf4 h4 38. Nd3 Kg5 39. Nb4 Rd2 40. Kf1 Kf4 41. Ke1 Rd6 42. Nc2 Kf3 43. b4 Re6+ 44. Kf1 Re2 45. Rb3+ Kf4 46. Kxe2 1-0

[Event "Besancon op"]
[Site "Besancon"]
[Date "2008.12.29"]
[Round "5"]
[White "Maniere, Yves"]
[Black "Bruez, Cyriaque"]
[Result "0-1"]
[WhiteElo "1470"]
[BlackElo "1643"]
[PlyCount "118"]
[EventDate "2008.12.26"]
[EventType "swiss"]
[EventRounds "7"]
[EventCountry "FRA"]
[SourceTitle "CBM 128 Extra"]
[Source "ChessBase"]
[SourceDate "2009.03.05"]
[SourceVersion "2"]
[SourceVersionDate "2009.03.25"]
[SourceQuality "1"]

1. e4 c5 2. c3 e6 3. Nf3 b6 4. d4 Bb7 5. Bd3 Nf6 6. Bg5 Be7 7. e5 Nd5 8. Bxe7 Qxe7 9. 0-0 Nc6 10. Nbd2 f5 11. Nc4 0-0 12. Nd6 Bc8 13. Qd2 Nc7 14. a4 Ne8 15. Nxc8 Rxc8 16. Bc4 Na5 17. Ba2 c4 18. d5 d6 19. Rfe1 Rc5 20. Qf4 exd5 21. exd6 Qxd6 22. Qxd6 Nxd6 23. Re7 Nc6 24. Rd7 Rd8 25. Rxd8+ Nxd8 26. Re1 Ne4 27. Nd4 Ra5 28. Bb1 g6 29. f3 Nf6 30. Bc2 Kf7 31. b3 Rc5 32. b4 Rc7 33. Nb5 Rd7 34. Nd4 a6 35. h3 Rd6 36. b5 a5 37. g4 f4 38. g5 Nd7 39. h4 Nc5 40. Kg2 Nce6 41. Ne2 Nb7 42. Kh3 d4 43. cxd4 Nxd4 44. Nxd4 Rxd4 45. Be4 Nc5 46. Kg4 Nxe4 47. fxe4 c3 48. Kxf4 Rxa4 49. Rc1 Rc4 50. Ke3 Ke6 51. Kd3 Rc5 52. Kd4 c2 53. Kd3 Ke5 54. Rxc2 Rxc2 55. Kxc2 Kxe4 56. Kc3 Kd5 57. Kb3 Kd4 58. Ka4 Kc4 59. Ka3 Kxb5 0-1

[Event "Besancon op"]
[Site "Besancon"]
[Date "2008.12.27"]
[Round "1"]
[White "Poignot, Quentin"]
[Black "Bruez, Cyriaque"]
[Result "1-0"]
[WhiteElo "2119"]
[BlackElo "1643"]
[PlyCount "45"]
[EventDate "2008.12.26"]
[EventType "swiss"]
[EventRounds "7"]
[EventCountry "FRA"]
[SourceTitle "CBM 128 Extra"]
[Source "ChessBase"]
[SourceDate "2009.03.05"]
[SourceVersion "2"]
[SourceVersionDate "2009.03.25"]
[SourceQuality "1"]

1. e4 c5 2. Nf3 e6 3. d4 cxd4 4. Nxd4 Nc6 5. Nc3 a6 6. Be3 Bb4 7. Bd3 Nge7 8. 0-0 d6 9. f4 Bc5 10. Bc4 b5 11. Bb3 Qb6 12. Nce2 Rf8 13. Bf2 Bb7 14. c3 Na5 15. Bc2 Nac6 16. b4 Bxd4 17. Nxd4 Qc7 18. a4 Na7 19. axb5 Nxb5 20. Ba4 Rc8 21. Bxb5+ axb5 22. Nxb5 Qd7 23. Nxd6+ 1-0